00881 a2200181 4500003000500000005001700005040000900022082001400031100002600045245008000071260004000151300001400191505020700205942002200412999001900434952012300453952012300576Nust20221205101857.0 cNust a150.9,MIS aMisiak ,henryk937027 aHiistory of psychologybAn overview / cHenry Misak, Virginia Studt Sexton aIslamabadbNational Book Foundation ax,499 p.; aRoots of Psychology (Page-1), The Beginning and Growth of Scientific Psychology an Various Countries (Page-77), Theoretical Psychology (Page-315), Bibliography for the History of Psychology (Page-469). 2ddccBKk15.9,MIS c176892d176892 00102ddc4070aMCSbMCScGENd2016-12-12o150.9,MISpMCS34373r2016-12-08w2016-12-12yBKzAlmirah No.46, Shelf No.3 00102ddc4070aMCSbMCScGENd2016-12-12o150.9,MISpMCS34374r2016-12-08w2016-12-12yBKzAlmirah No.73, Shelf No.1